Album deutscher lyrik : (Record no. 21586)
[ view plain ]
| 000 -LEADER | |
|---|---|
| campo de control de longitud fija | 01200nam a2200289 i 4500 |
| 001 - NÚMERO DE CONTROL | |
| campo de control | 21586 |
| 003 - IDENTIFICADOR DE NÚMERO DE CONTROL | |
| campo de control | ES-MaACL |
| 005 - FECHA Y HORA DE LA ÚLTIMA TRANSACCIÓN | |
| campo de control | 20250825062641.0 |
| 007 - CAMPO FIJO DE DESCRIPCIÓN FÍSICA--INFORMACIÓN GENERAL | |
| campo de control de longitud fija | t| |
| 008 - DATOS DE LONGITUD FIJA--INFORMACIÓN GENERAL | |
| campo de control de longitud fija | 021126s1866 gw a |||| | ger d |
| 040 ## - FUENTE DE CATALOGACIÓN | |
| Centro/agencia transcriptor | ES-MaACL |
| 245 00 - MENCIÓN DEL TÍTULO | |
| Título | Album deutscher lyrik : |
| Resto del título | lieder und romanzen / |
| Mención de responsabilidad, etc. | mit illustrationen von Emil Götze, Paul Thumann, W. Georgy U.A. und titelbild von C. Scheuren. |
| 260 ## - PUBLICACIÓN, DISTRIBUCIÓN, ETC. | |
| Lugar de publicación, distribución, etc. | Leipzig : |
| Nombre del editor, distribuidor, etc. | C.F. Amelango Verlan, |
| Fecha de publicación, distribución, etc. | 1866. |
| 300 ## - DESCRIPCIÓN FÍSICA | |
| Extensión | XVIII, 248 páginas : |
| Otras características físicas | ilustraciones (blanco y negro y color) ; |
| Dimensiones | 24 cm. |
| 501 ## - NOTA DE CON | |
| Nota de "Con" | Con poesías de los maestros de la lírica alemana: Goethe, Schiller, Heine, etc. |
| 530 ## - NOTA DISPONIBLE DE FORMULARIO FÍSICO ADICIONAL | |
| Nota de formato físico adicional disponible | Disponible en formato digital |
| 650 04 - PUNTO DE ACCESO ADICIONAL DE MATERIA--TÉRMINO DE MATERIA | |
| Término de materia o nombre geográfico como elemento de entrada | Poesías alemanas |
| 9 (RLIN) | 16202 |
| 655 #7 - TERMINO DE INDIZACIÓN--GENERO/FORMA | |
| Datos o término principal de género/forma | Libros ilustrados |
| Fuente del término | tgfbne |
| 9 (RLIN) | 193653 |
| 700 1# - ENTRADA AGREGADA--NOMBRE PERSONAL | |
| 9 (RLIN) | 236672 |
| Nombre de persona | Götze, Emil |
| Término indicativo de función/relación | Ilustrador |
| 700 1# - ENTRADA AGREGADA--NOMBRE PERSONAL | |
| 9 (RLIN) | 146807 |
| Nombre de persona | Thumann, Paul |
| Término indicativo de función/relación | Ilustrador |
| 700 1# - ENTRADA AGREGADA--NOMBRE PERSONAL | |
| 9 (RLIN) | 236673 |
| Nombre de persona | Scheuren, Caspar, |
| Fechas asociadas al nombre | 1810-1887 |
| Término indicativo de función/relación | Ilustrador |
| 852 ## - LOCALIZACIÓN | |
| Ubicación | ES-MaACL |
| Ubicación en estantería | Sala Palomar |
| Número de control de estantería | C-2614 |
| 856 ## - LOCALIZACIÓN Y ACCESO ELECTRÓNICOS | |
| Identificador Uniforme de Recursos | <a href="https://bvpb.mcu.es/es/consulta/registro.do?id=577726">https://bvpb.mcu.es/es/consulta/registro.do?id=577726</a> |
| Texto de enlace | Versión en línea |
| Nota pública | (Biblioteca Virtual del Patrimonio Bibliográfico) |
| 942 ## - ELEMENTOS DE ENTRADA SECUNDARIOS (KOHA) | |
| Tipo de ítem Koha | Libro impreso |
| Suprimir en OPAC | No |
| Estatus retirado | Estado de pérdida | Estado de daño | No para préstamo | Colección | Biblioteca de origen | Biblioteca actual | Ubicación en estantería | Fecha de adquisición | Fuente de adquisición | Total de préstamos | Signatura topográfica completa | Código de barras | Visto por última vez | Precio de reemplazo | Tipo de ítem Koha |
|---|---|---|---|---|---|---|---|---|---|---|---|---|---|---|---|
| Colección digital | Biblioteca del Ateneo de Madrid | Biblioteca del Ateneo de Madrid | Sala Palomar | 17/01/2008 | C-2614 | 1022184 | 23/02/2023 | 23/02/2023 | Libro impreso antiguo |
